LEADER 02839nam 2200637 450 001 996411340503316 005 20230621141122.0 010 $a1-281-72862-4 010 $a9786611728625 010 $a2-7598-0102-0 035 $a(CKB)1000000000541935 035 $a(EBL)344618 035 $a(OCoLC)476160488 035 $a(SSID)ssj0000829107 035 $a(PQKBManifestationID)11459693 035 $a(PQKBTitleCode)TC0000829107 035 $a(PQKBWorkID)10757454 035 $a(PQKB)10023160 035 $a(oapen)https://directory.doabooks.org/handle/20.500.12854/79057 035 $a(PPN)128531819 035 $a(EXLCZ)991000000000541935 100 $a20100913d2007|||| uy 0 101 0 $afre 135 $aur|n#---|u||| 181 $ctxt$2rdacontent 182 $cc$2rdamedia 183 $acr$2rdacarrier 200 10$aLes cycles biogeochimiques et écosystèmes continentaux /$fsous la direction de Georges Pédro 210 $cEDP SCIENCES$d2007 210 1$aLes Ulis :$cEDP Sciences,$d2007. 215 $a1 online resource (427 pages) $cillustrations; digital file(s) 225 1 $aAcadémie des sciences 300 $aDescription based upon print version of record. 311 08$aPrint version: 9782868839381 327 $aComposition du Comité RST; Avant-propos; Composition du groupe de travail; Table des matières; Résume; Summary; Présentation du rapport; conclusions générales et recommandations; Introduction générale; Première partie Approche par élément; Deuxième partie Approche par milieu; Troisième partie Secteurs de recherche à développer; Quatrième partie Nécessité de recourir à des modélisations et à des observations; appendice 1 Quelques notions de base en biogéochimie; appendice 2 Liste des éléments chimiques; appendice 3 Tableau périodique des éléments chimiques 327 $aappendice 4 Tableau des unités de mesuresGroupe de lecture critique; 330 $aThis work focuses on the behavior of different chemical elements of the biogeosphere throughout the history of the planet, in particular since the manifestation of accelerated anthropization (development of the industrial civilization). 410 0$aAcadémie des sciences. 606 $aBiology$2HILCC 606 $aHealth & Biological Sciences$2HILCC 606 $aBiology - General$2HILCC 610 $aacademy of sciences 610 $aecosystems 615 7$aBiology 615 7$aHealth & Biological Sciences 615 7$aBiology - General 700 $aPedro$b Georges$4auth$0802714 702 $aPédro$b Georges 801 0$bAU-PeEL 801 1$bAU-PeEL 801 2$bAU-PeEL 801 2$bUkMaJRU 906 $aBOOK 912 $a996411340503316 996 $aCycles biogéochimiques et écosystèmes continentaux$91804019 997 $aUNISA